| 000 | 00553 a2200169 4500 | ||
|---|---|---|---|
| 003 | Nust | ||
| 005 | 20170207153355.0 | ||
| 040 | _cNust | ||
| 082 | _a005.1 | ||
| 100 | _aUR-Rehman , Capt Asif Saeed- BESE-05 | ||
| 245 |
_aWAPlized Transmission of Voice Transformed Text Messages Using POP3 Protocol Implemented in .Net Framework (Hard / Softcopy) _cCapt Asif Saeed -UR- Rehman & Capt Afsar Hussain Qureshi BESE-05 |
||
| 260 |
_bMCS _c2003 |
||
| 300 | _a158 p | ||
| 538 | _aAlmirah No.71 Shelf No.3 | ||
| 650 | _a UG Projects | ||
| 651 | _a UG CS Projects | ||
| 942 | _cPRG | ||
| 999 |
_c184717 _d184717 |
||